000 00304 a2200121 4500
110 _aNational Council For Population And Development
245 _aSeeking Solution For Tradtitional Herbal Medicines
260 _c2008
490 _aVol.1
500 _aBOX3
650 _2Policy Brifs
942 _cPERIODICAL
999 _c2178
_d2178